Cyclisme : Les équipes de Richie Porte - Statistiques

Statistiques générales
  • Ce quiz a été pris 55 fois
  • Le résultat moyen est 10 sur 15
Statistiques - réponses
Années Pays de l'équipe Réponses % Correct
2012 Royaume-Uni Sky Procycling
100%
2013 Royaume-Uni Sky Procycling
100%
2014 Royaume-Uni Team Sky
100%
2015 Royaume-Uni Team Sky
100%
2021 Royaume-Uni INEOS Grenadiers
90%
2022 Royaume-Uni INEOS Grenadiers
90%
2019 États-Unis Trek - Segafredo
81%
2020 États-Unis Trek - Segafredo
81%
2016 États-Unis BMC Racing Team
79%
2017 États-Unis BMC Racing Team
79%
2018 États-Unis BMC Racing Team
79%
2010 Danemark Saxo Bank
29%
2011 Danemark Saxo Bank - Sungard
29%
2008 Australie Praties
5%
2009 Australie Praties
5%
Aucun quiz correspondant
Distribution des résultats
% des personnes avec chaque résultat
Percentile par nombre de réponses
Votre historique - résultats
Vous n’avez pas pris ce quiz